000 00283nam a22001337a 4500
008 170401b xxu||||| |||| 00| 0 eng d
020 _a9781464162206
041 _aeng
080 _a574
100 _a9
101 _aSHM
245 _aENVIRONMENT SCIENCE
_cKARR, S
942 _2udc
_cBK
999 _c9437
_d9437